00683cam a22001811i 450000100100000000500170001000800410002704000250006808200160009310000490010924500800015826000370023830000290027570000330030491000330033795201140037099900170048400001987020200929170154.0770105s1943 xxu j 000 0 eng  aDO-SdBNPcspadBNPHU axxxxbM787o1 aMontgomery, Rutherford George,d1896-94239710aOut of the sun /cRutherford G. Montgomery ; illustrated by Clayton Knight. aPhiladelphia :bD. McKay,c1943. a254 p. :bill. ;c21 cm.1 aKnight, Clayton,eill.93528 aCatalogación derivada / LC 001050718MOaGRbGRcCTd2010-07-08iLF1l0oxxxx M787op19870-10r2020-06-25w2020-06-25y1ZNo se presta c19383d19383